Rotherham United Squad 2023-2024 - Statistics

General Stats
  • This quiz has been taken 13 times
  • The average score is 15 of 36
Answer Stats
# Position Nation Player % Correct
1 GK Sweden Viktor Johansson
82%
4 DF Spain Daniel Ayala
73%
9 FW England Tom Eaves
73%
11 FW England Andre Green
64%
7 MF Portugal Cafú
64%
26 GK England Dillon Phillips
64%
10 FW England Jordan Hugill
64%
27 MF Ivory Coast Christ Tiehi
55%
8 MF England Sam Clucas
55%
17 MF Northern Ireland Shane Ferguson
55%
- Coach Scotland Steve Evans
55%
30 FW England Arvin Appiah
45%
12 FW Ireland Georgie Kelly
45%
- Coach England Leam Richardson
45%
18 MF England Oliver Rathbone
45%
23 DF England Sean Morrison
45%
14 FW England Charlie Wyke
36%
3 DF England Cohen Bramall
36%
2 DF Jamaica Dexter Lembikisa
36%
20 DF England Grant Hall
36%
22 MF England Hakeem Odoffin
36%
21 DF England Lee Peltier
36%
- Coach England Matt Taylor
36%
40 DF Ireland Peter Kioso
36%
28 DF England Sebastian Revan
36%
24 DF England Cameron Humphreys
27%
35 FW Northern Ireland Ciaran McGuckin
27%
14 MF Nigeria Fred Onyedinma
27%
16 MF Scotland Jamie Lindsay
27%
29 FW England Sam Nombe
27%
6 DF England Tyler Blackett
27%
- Coach Northern Ireland Wayne Carlisle
27%
12 MF Zimbabwe Andy Rinomhota
18%
38 DF England Femi Seriki
18%
33 GK England Nathaniel Ford
18%
15 DF England Tolaji Bola
9%
No matching quizzes found
Score Distribution
Percent of People with Each Score
Percentile by Number Answered
Your Score History
You have not taken this quiz